Authority in language (0 415 17413 9)

Đã lưu trong:
书目详细资料
主要作者: JAMES MILROY
格式: 图书
语言:Undetermined
出版: Routledge 1998
标签: 添加标签
没有标签, 成为第一个标记此记录!
Thư viện lưu trữ: Trung tâm Học liệu Trường Đại học Cần Thơ
LEADER 00399nam a2200145Ia 4500
001 CTU_49361
008 210402s9999 xx 000 0 und d
082 |a 428 
082 |b M662 
100 |a JAMES MILROY 
245 0 |a Authority in language (0 415 17413 9) 
245 0 |c JAMES MILROY, Lesley Milroy 
260 |b Routledge 
260 |c 1998 
980 |a Trung tâm Học liệu Trường Đại học Cần Thơ